1826 1102 1498 1836 1672 1804 1553 1344 1419 1732 1685 1767 1480 1886 1722 1961 1337 1348 1673 1244 1693 1701 1290 1460 1571 1297 1915 1802 1207 1286 1020 1476 1309 1193 1007 1327 1485 1947 1072 1485 1599 1899 1846 1908 1387 1983 1440 1766 1282 1733 1396 1990 1087 1658 1343 1803 1925 1455 1401 1825 1556 1196 1265 1746 1921 1837 1538 1198 1763 1786 1999 1047 1290 1695 1866 1479 1325 1418 1637 1137 1643 1874 1800 1807 1929 1667 1182 1851 1217 1162 1064 1504 1316 1980 1085 1510 1090 1910 1456 BCNSPRNW ULIB Ver.6.0+V

เปลี่ยนเป็นภาษาไทย

Change to English
 แสดงรายละเอียดบรรณานุกรม
  กลับหน้าหลัก

Brief Record : Get Marc (ISO 2709) : E-mail record : QR code < ปิดหน้าต่าง
LEADER : 00000nam 2200000uu 4500
001    13399108268
003     ULIB
008    110225s2552||||th 000 0 tha d
020    9789746724098
060 04 WW140^bส286ร 2552
245 00 โรคตาที่พบบ่อยในเวชปฏิบัติ /^cบรรณาธิการ, สมสงวน อัษญคุณ... [และคนอื่น ๆ]
260    เชียงใหม่ :^bภาควิชาจักษุวิทยา คณะแพทยศาสตร์มหาวิทยาลัยเชียงใหม่,^c2552
300    xvii, 396 หน้า :^bภาพประกอบ ;^c29 ซม.
650  2 Eye Diseases
650  2 Ophthalmology
650  7 ตา, โรค
700 0  สมสงวน อัษญคุณ,^eบรรณาธิการ
710 2  มหาวิทยาลัยเชียงใหม่. ^bคณะแพทยศาสตร์. ^bภาควิชาจักษุวิทยา
945    ^p900^l0^i028992
945    ^p900^l0^i028991
945    ^p900^l0^i028283
945    ^p900^l0^i028282
945    ^p900^l0^i028281
945    ^p900^l0^i028284
945    ^p900^l0^i028280
995     ทศพร
999 ^a ใช้งานได้ทุกระบบ
รายการนี้ยังไม่มีแท็ก
คุณยังไม่ได้ล็อกอิน คุณสามารถมีกิจกรรมร่วมกับเว็บไซต์ได้ แต่ต้องล็อกอินก่อน ::
  ล็อกอิน

รายการสื่อสารสนเทศ

ลำดับที่ ประเภท เลขเรียก/บาร์โค้ด สถานที่ สถานะ
- ไม่พบข้อมูล -

รายการใกล้เคียง
    หัวเรื่อง [Eye Diseases]
    หัวเรื่อง [Ophthalmology]
    หัวเรื่อง [ตา, โรค]

BibComment


ยังไม่เคยถูกคอมเมนท์

คอมเมนท์ทรัพยากรรายการนี้
  คอมเมนท์: โรคตาที่พบบ่อยในเ..


 Copyright 2026. Bcnsprnw @Library